[Event "La Coruna op"]
[Site "La Coruna"]
[Date "1996.??.??"]
[Round "?"]
[White "Patino Romaris, Juan Roberto"]
[Black "Salgado Lopez, Oscar"]
[Result "1/2-1/2"]
[WhiteElo "2220"]
[BlackElo "2100"]
[PlyCount "74"]
[EventDate "1996.07.??"]
[EventType "swiss"]
[EventRounds "9"]
[EventCountry "ESP"]

1. e4 c5 2. Nc3 Nc6 3. g3 g6 4. Bg2 Bg7 5. d3 d6 6. f4 e6 7. Nf3 Nge7 8. O-O
O-O 9. Be3 Nd4 10. e5 Nef5 11. Bf2 Nxf3+ 12. Qxf3 Nd4 13. Qd1 dxe5 14. fxe5 Rb8
15. Ne4 b6 16. Nf6+ Kh8 17. c3 Nf5 18. g4 Ne7 19. Qf3 Nd5 20. g5 Bxf6 21. gxf6
Bb7 22. Qg3 Nc7 23. Bxb7 Rxb7 24. Rae1 Qd5 25. Qg5 Qxd3 26. Re3 Qf5 27. Qh6 Rg8
28. Rh3 g5 29. Bxc5 Qg6 30. Bf8 Qxh6 31. Bxh6 Nd5 32. Rg3 Rg6 33. Bxg5 b5 34.
Rd1 h6 35. Bc1 Kh7 36. Kf2 Rc7 37. Rdg1 b4 1/2-1/2

[Event "Novi Sad ol (Men)"]
[Site "Novi Sad"]
[Date "1990.??.??"]
[Round "8"]
[White "Kindermann, Stefan"]
[Black "Spasov, Vasil"]
[Result "0-1"]
[WhiteElo "2530"]
[BlackElo "2495"]
[PlyCount "84"]
[EventDate "1990.11.??"]
[EventType "team"]
[EventRounds "14"]
[EventCountry "YUG"]

1. e4 c5 2. Nc3 Nc6 3. g3 g6 4. Bg2 Bg7 5. d3 e6 6. f4 Nge7 7. Nf3 O-O 8. O-O
d6 9. Be3 Nd4 10. e5 Nef5 11. Bf2 Nxf3+ 12. Qxf3 Bd7 13. Qxb7 Rb8 14. Qxa7 Rxb2
15. Rac1 dxe5 16. fxe5 Bxe5 17. Ne4 Bc6 18. Qxc5 Bxe4 19. dxe4 Bd4 20. Qa3 Nh6
21. Bf3 Qb6 22. Bxd4 Qxd4+ 23. Kh1 Rc8 24. Rfd1 Qe5 25. Qa4 Qc3 26. Rf1 Qd2 27.
Rfd1 Qe3 28. Rf1 Qd2 29. Rfd1 Qc3 30. Rf1 Kg7 31. Qa7 Rc7 32. Qa4 Ng8 33. Bg2
Nf6 34. Bf3 Nd7 35. Bg2 Ne5 36. Rf2 Nd3 37. Rf3 Qd2 38. Rcf1 Ne5 39. R3f2 Qc3
40. Rd1 h5 41. Rfd2 Ng4 42. Re2 Rcb7 0-1

[Event "Spring op"]
[Site "Budapest"]
[Date "1989.??.??"]
[Round "?"]
[White "Idelstein, Moshe"]
[Black "Brunner, Lucas"]
[Result "0-1"]
[WhiteElo "2270"]
[BlackElo "2425"]
[PlyCount "58"]
[EventDate "1989.03.??"]
[EventType "swiss"]
[EventRounds "9"]
[EventCountry "HUN"]

1. e4 c5 2. Nc3 d6 3. g3 Nc6 4. Bg2 g6 5. d3 Bg7 6. f4 e6 7. Nf3 Nge7 8. O-O
O-O 9. Be3 Nd4 10. e5 Nef5 11. Bf2 Rb8 12. Ne4 b6 13. g4 Nxf3+ 14. Qxf3 Bb7 15.
Qh3 Bxe4 16. dxe4 Nd4 17. Bh4 f6 18. c3 Ne2+ 19. Kh1 dxe5 20. fxe5 g5 21. exf6
Bxf6 22. e5 Bg7 23. Rxf8+ Bxf8 24. Qe3 gxh4 25. Qxe2 Qg5 26. Rd1 Bg7 27. Rd7
Rf8 28. Qd2 Qxg4 29. Rxa7 h3 0-1

[Event "URS-chT"]
[Site "Podolsk"]
[Date "1990.??.??"]
[Round "?"]
[White "Balashov, Yuri S"]
[Black "Pigusov, Evgeny"]
[Result "1-0"]
[WhiteElo "2535"]
[BlackElo "2545"]
[PlyCount "75"]
[EventDate "1990.??.??"]
[EventType "team"]
[EventCountry "URS"]
[Source "ChessBase"]

1. e4 c5 2. Nc3 Nc6 3. g3 g6 4. Bg2 Bg7 5. d3 d6 6. f4 e6 7. Nf3 Nge7 8. O-O
O-O 9. Be3 Nd4 10. e5 Qb6 11. Rb1 Nef5 12. Bf2 Nxf3+ 13. Qxf3 dxe5 14. fxe5
Bxe5 15. Ne4 Nd4 16. Qd1 f5 17. Nd2 Qc7 18. c3 Nb5 19. Qe2 a6 20. a4 Na7 21.
Nc4 Bf6 22. b4 cxb4 23. Nb6 Rb8 24. Nxc8 Nxc8 25. Qxe6+ Kg7 26. cxb4 Qd6 27.
Qxd6 Nxd6 28. Rbc1 Rf7 29. Rc5 Bg5 30. h4 Bd2 31. Bd4+ Kh6 32. Rd5 Rd7 33. Bf3
Rbd8 34. Bb6 Re8 35. Bc5 Red8 36. g4 fxg4 37. Bxg4 Nf5 38. Rxd7 1-0

[Event "DEN-ch"]
[Site "DEN"]
[Date "1991.??.??"]
[Round "6"]
[White "Rasmussen, Karsten"]
[Black "Berg, Klaus"]
[Result "1/2-1/2"]
[WhiteElo "2440"]
[BlackElo "2420"]
[PlyCount "101"]
[EventDate "1991.03.??"]
[EventType "tourn"]
[EventRounds "11"]
[EventCountry "DEN"]
[EventCategory "8"]
[Source "ChessBase"]

1. e4 c5 2. d3 Nc6 3. g3 g6 4. Bg2 Bg7 5. Nc3 d6 6. f4 e6 7. Nf3 Nge7 8. O-O
O-O 9. Be3 Nd4 10. e5 Qb6 11. Rb1 Nef5 12. Bf2 Nxf3+ 13. Qxf3 dxe5 14. fxe5
Bxe5 15. Ne4 Nd4 16. Qd1 f5 17. Nd2 Qc7 18. c3 Nb5 19. Qe2 Bf6 20. d4 Nd6 21.
dxc5 Nf7 22. Nc4 e5 23. Bd5 Kg7 24. Rbd1 Ng5 25. Be3 f4 26. gxf4 exf4 27. Bd4
Bh3 28. Nd6 Bxf1 29. Rxf1 f3 30. Qe3 h6 31. h4 Qd7 32. Kf2 Nh7 33. Kg3 Bxd4 34.
Qxd4+ Nf6 35. Rxf3 h5 36. Rf4 Qe7 37. Re4 Qc7 38. Re6 Rae8 39. Qe5 Rxe6 40.
Bxe6 Kh7 41. b4 b6 42. Bb3 bxc5 43. bxc5 Ne8 44. Bc2 Ng7 45. Qg5 Nf5+ 46. Kh3
Qxc5 47. Nxf5 gxf5 48. Qxh5+ Kg7 49. Qg5+ Kh7 50. Qh5+ Kg7 51. Qg5+ 1/2-1/2

[Event "Belgrade (Women)"]
[Site "Belgrade"]
[Date "1988.??.??"]
[Round "9"]
[White "Bojkovic, Natasa"]
[Black "Markovic, Gordana"]
[Result "1-0"]
[WhiteElo "2220"]
[BlackElo "2275"]
[PlyCount "74"]
[EventDate "1988.??.??"]
[EventType "tourn"]
[EventRounds "9"]
[EventCountry "YUG"]
[EventCategory "1"]

1. e4 c5 2. Nc3 Nc6 3. g3 g6 4. Bg2 Bg7 5. d3 d6 6. f4 e6 7. Nf3 Nge7 8. O-O
O-O 9. Be3 Nd4 10. e5 dxe5 11. Nxe5 Rb8 12. Ne4 b6 13. c3 Ndf5 14. Bf2 Qc7 15.
Qa4 Nd5 16. Rfe1 Nfe7 17. Rad1 Rd8 18. d4 cxd4 19. Bxd4 a6 20. c4 Nf6 21. Nxf6+
Bxf6 22. Bf2 b5 23. Rxd8+ Qxd8 24. Rd1 Qc7 25. cxb5 Rxb5 26. Bf1 Bxe5 27. fxe5
Rd5 28. Re1 Kg7 29. Qf4 Ng8 30. Bg2 Rb5 31. Rc1 Qd8 32. b3 Bb7 33. Bxb7 Rxb7
34. Qc4 Rb5 35. a4 Rd5 36. Qxa6 Rd1+ 37. Rxd1 Qxd1+ 1-0

[Event "Pardubice op"]
[Site "Pardubice"]
[Date "1992.??.??"]
[Round "5"]
[White "Kucera, Petr"]
[Black "Gladisheva, Tatjana"]
[Result "1-0"]
[WhiteElo "2310"]
[BlackElo "2080"]
[PlyCount "71"]
[EventDate "1992.07.??"]
[EventType "swiss"]
[EventRounds "9"]
[EventCountry "CZE"]

1. e4 c5 2. Nc3 Nc6 3. g3 g6 4. Bg2 Bg7 5. d3 d6 6. f4 e6 7. Nf3 Nge7 8. O-O
O-O 9. Be3 Nd4 10. e5 dxe5 11. Nxe5 Rb8 12. Ne4 b6 13. c3 Ndf5 14. Bf2 Bb7 15.
Qa4 a5 16. Rad1 Qc7 17. Qd7 Rfc8 18. g4 Nh6 19. h3 Nd5 20. Nd6 Bc6 21. Qxc7
Rxc7 22. Nxc6 Rxc6 23. Nb5 Rcc8 24. Bxd5 exd5 25. d4 c4 26. f5 Bf8 27. Bg3 Rb7
28. f6 a4 29. Nd6 Bxd6 30. Bxd6 g5 31. Rde1 Rd7 32. Bb4 Kh8 33. Re5 Rg8 34. Kg2
Rg6 35. Re8+ Rg8 36. Bf8 1-0

[Event "Kstovo op"]
[Site "Kstovo"]
[Date "1994.??.??"]
[Round "9"]
[White "Shchekachev, Andrei"]
[Black "Galliamova, Alisa"]
[Result "0-1"]
[WhiteElo "2480"]
[BlackElo "2475"]
[PlyCount "112"]
[EventDate "1994.08.??"]
[EventType "swiss"]
[EventRounds "9"]
[EventCountry "RUS"]

1. e4 c5 2. Nc3 Nc6 3. g3 g6 4. Bg2 Bg7 5. d3 d6 6. f4 e6 7. Nf3 Nge7 8. O-O
O-O 9. Be3 Nd4 10. e5 dxe5 11. Nxe5 Rb8 12. Ne4 b6 13. c3 Ndc6 14. Qa4 Bb7 15.
Rae1 Qc7 16. d4 b5 17. Qc2 cxd4 18. cxd4 Nd5 19. Bf2 Nxe5 20. Qxc7 Nf3+ 21.
Bxf3 Nxc7 22. Rc1 Ne8 23. Kg2 Rd8 24. Nc5 Bxf3+ 25. Kxf3 Nd6 26. g4 Nc4 27. Nb3
Rd5 28. Rc2 a5 29. Nd2 Bxd4 30. Nxc4 bxc4 31. Rxc4 Bxb2 32. Rb1 Ba3 33. Rb7 Bb4
34. Bd4 Rdd8 35. f5 exf5 36. gxf5 Rd5 37. f6 Rf5+ 38. Kg2 Bd6 39. Rd7 Be5 40.
Rc5 Rg5+ 41. Kf3 Bxf6 42. Rxg5 Bxg5 43. Rd5 Bd8 44. Rd7 Bh4 45. Ra7 Be1 46. Bb6
Rc8 47. Bxa5 Bxa5 48. Rxa5 Rc3+ 49. Kf2 Kg7 50. a4 Ra3 51. Ra6 h5 52. Kg2 g5
53. Ra7 h4 54. Ra6 g4 55. Ra5 Kg6 56. Ra8 Kg5 0-1

[Event "San Cristobal op"]
[Site "Asuncion"]
[Date "1995.??.??"]
[Round "2"]
[White "Bergonzi, Osvaldo"]
[Black "Kropff, Ricardo"]
[Result "0-1"]
[WhiteElo "2240"]
[BlackElo "2210"]
[PlyCount "88"]
[EventDate "1995.??.??"]
[EventType "swiss"]
[EventRounds "7"]
[EventCountry "PAR"]

1. e4 c5 2. Nc3 Nc6 3. g3 g6 4. Bg2 Bg7 5. d3 d6 6. f4 e6 7. Nf3 Nge7 8. O-O
O-O 9. Be3 Nd4 10. e5 dxe5 11. fxe5 Nef5 12. Bf2 Rb8 13. Ne4 b6 14. Nxd4 cxd4
15. Nf6+ Bxf6 16. exf6 Qxf6 17. g4 Nd6 18. Bg3 Qe7 19. Be5 f6 20. Bxd4 e5 21.
Bc3 Nb5 22. Bd5+ Kg7 23. d4 Nxc3 24. bxc3 e4 25. Qe2 f5 26. Qg2 Qd6 27. c4 Kh8
28. c3 Bd7 29. a4 Rbe8 30. a5 b5 31. Rab1 bxc4 32. Bxc4 f4 33. Rb7 f3 34. Qg3
Qxg3+ 35. hxg3 Bxg4 36. Bf7 e3 37. Bxe8 f2+ 38. Kh2 e2 39. Rbb1 exf1=Q 40. Rxf1
Be2 41. Rxf2 Rxf2+ 42. Kg1 Rf3 43. d5 Rxc3 44. d6 Bg4 0-1

[Event "Lloyds Bank op"]
[Site "London"]
[Date "1992.??.??"]
[Round "?"]
[White "Lane, Gary W"]
[Black "Sadler, Matthew"]
[Result "0-1"]
[WhiteElo "2420"]
[BlackElo "2515"]
[PlyCount "72"]
[EventDate "1992.08.??"]
[EventType "swiss"]
[EventRounds "10"]
[EventCountry "ENG"]

1. e4 c5 2. Nc3 d6 3. g3 g6 4. Bg2 Bg7 5. d3 Nc6 6. f4 e6 7. Nf3 Nge7 8. O-O
O-O 9. Be3 Nd4 10. e5 Bd7 11. Ne4 Nef5 12. Bf2 Nxf3+ 13. Qxf3 Bc6 14. c3 Rc8
15. exd6 Nxd6 16. Qe2 b6 17. Rfd1 Qd7 18. h4 Rfe8 19. d4 Nxe4 20. Bxe4 Bxe4 21.
Qxe4 Qb5 22. Rd2 cxd4 23. Bxd4 Red8 24. Qb7 Bxd4+ 25. cxd4 Qa5 26. Qg2 Rc4 27.
Qf2 Rdc8 28. a3 Qa4 29. Kh2 Rd8 30. Rad1 Rd5 31. Qe3 a5 32. f5 Rxf5 33. b3 Qxa3
34. d5 Qc5 35. Qe2 Rc1 36. d6 Rf2+ 0-1

[Event "Cannes op"]
[Site "Cannes"]
[Date "1995.??.??"]
[Round "3"]
[White "Sale, Srdjan"]
[Black "Sadler, Matthew"]
[Result "0-1"]
[WhiteElo "2390"]
[BlackElo "2575"]
[PlyCount "80"]
[EventDate "1995.02.??"]
[EventType "swiss"]
[EventRounds "9"]
[EventCountry "FRA"]

1. e4 c5 2. Nc3 d6 3. g3 Nc6 4. Bg2 g6 5. d3 Bg7 6. f4 e6 7. Nf3 Nge7 8. O-O
O-O 9. Be3 Nd4 10. e5 Bd7 11. Ne4 Nef5 12. Bf2 Nxf3+ 13. Bxf3 Bc6 14. c3 h5 15.
exd6 b6 16. Nf6+ Bxf6 17. Bxc6 Rc8 18. Bb7 Rb8 19. Be4 Qxd6 20. Qa4 Qc7 21. Qa6
b5 22. Rac1 Rfc8 23. Rfe1 Rd8 24. b4 Be7 25. a4 Rd6 26. Qa5 Qxa5 27. bxa5 Ra6
28. axb5 Rxb5 29. Rb1 Rbxa5 30. Rb8+ Kg7 31. Rc8 Ra1 32. Rxa1 Rxa1+ 33. Kg2 Nd6
34. Rc7 Bd8 35. Rc6 Nxe4 36. dxe4 Ra2 37. Kf3 Rc2 38. Bxc5 Rxc3+ 39. Ke2 Kh7
40. Kd2 Ba5 0-1

[Event "Wch U26"]
[Site "Leon"]
[Date "1996.??.??"]
[Round "7"]
[White "Claesen, Jeroen"]
[Black "Dgebuadze, Alexandre"]
[Result "1-0"]
[WhiteElo "2285"]
[BlackElo "2425"]
[PlyCount "69"]
[EventDate "1996.??.??"]
[EventType "swiss"]
[EventRounds "9"]
[EventCountry "ESP"]

1. e4 c5 2. Nc3 Nc6 3. g3 g6 4. Bg2 Bg7 5. d3 e6 6. f4 d6 7. Nf3 Nge7 8. Be3
Nd4 9. O-O O-O 10. e5 Nec6 11. Ne4 dxe5 12. Nxe5 Nxe5 13. fxe5 Bxe5 14. c3 Nf5
15. Bxc5 Re8 16. d4 Bg7 17. Qf3 h5 18. Rad1 Bd7 19. Nd6 Bc6 20. d5 Bxd5 21.
Rxd5 exd5 22. Nxf5 gxf5 23. Qxf5 Qc7 24. Bd4 Bxd4+ 25. cxd4 Rad8 26. Bxd5 Rd7
27. Qg6+ Kf8 28. Qxh5 Rxd5 29. Qh8+ Ke7 30. Re1+ Kd6 31. Qxe8 Qd7 32. Qb8+ Kc6
33. Qxa7 Rxd4 34. Rc1+ Kd5 35. Qxd4+ 1-0

[Event "Vrnjacka Banja"]
[Site "Vrnjacka Banja"]
[Date "1989.??.??"]
[Round "?"]
[White "Abramovic, Bosko"]
[Black "Stohl, Igor"]
[Result "1/2-1/2"]
[WhiteElo "2485"]
[BlackElo "2455"]
[PlyCount "44"]
[EventDate "1989.04.??"]
[EventType "tourn"]
[EventRounds "15"]
[EventCountry "YUG"]
[EventCategory "7"]

1. e4 c5 2. Nc3 Nc6 3. g3 g6 4. Bg2 Bg7 5. d3 d6 6. f4 e6 7. Nf3 Nge7 8. O-O
O-O 9. Be3 Nd4 10. Bf2 b6 11. Nxd4 cxd4 12. Ne2 e5 13. c3 dxc3 14. Nxc3 Be6 15.
d4 exf4 16. gxf4 d5 17. Bh4 f6 18. Qb3 Qd7 19. Nxd5 Nxd5 20. exd5 Bf7 21. Rae1
Rfe8 22. f5 Rxe1 1/2-1/2

[Event "Paris-ch"]
[Site "Paris"]
[Date "1989.??.??"]
[Round "2"]
[White "Abramovic, Bosko"]
[Black "Koch, Jean Rene"]
[Result "1/2-1/2"]
[WhiteElo "2485"]
[BlackElo "2390"]
[PlyCount "60"]
[EventDate "1989.05.??"]
[EventType "swiss"]
[EventRounds "9"]
[EventCountry "FRA"]

1. e4 c5 2. Nc3 Nc6 3. g3 g6 4. Bg2 Bg7 5. d3 d6 6. f4 e6 7. Nf3 Nge7 8. O-O
O-O 9. Be3 Nd4 10. Bf2 e5 11. Nxd4 cxd4 12. Ne2 Be6 13. c3 dxc3 14. Nxc3 Qd7
15. Qd2 exf4 16. Qxf4 Nc6 17. Qd2 Nd4 18. Be3 f5 19. Bh6 Kh8 20. Rad1 Rac8 21.
Rf2 b5 22. exf5 Rxf5 23. Rxf5 Bxf5 24. Bxg7+ Qxg7 25. Re1 Bh3 26. Bh1 Rf8 27.
Nd5 Be6 28. a3 Rc8 29. Qf2 Rc2 30. Qe3 Rxb2 1/2-1/2

[Event "EU-ch U18"]
[Site "Rimavska Sobota"]
[Date "1996.??.??"]
[Round "6"]
[White "Piceu, Tom"]
[Black "Vaklinov, Atanas"]
[Result "1-0"]
[WhiteElo "2210"]
[BlackElo "2035"]
[PlyCount "73"]
[EventDate "1996.??.??"]
[EventType "swiss"]
[EventRounds "9"]
[EventCountry "SVK"]

1. Nf3 c5 2. g3 Nc6 3. Bg2 g6 4. O-O Bg7 5. d3 e6 6. e4 Nge7 7. Nc3 O-O 8. Be3
Nd4 9. Nh4 d6 10. f4 f5 11. Qd2 Bd7 12. Nd1 Rb8 13. c3 Ndc6 14. Nf3 b6 15. exf5
Nxf5 16. d4 cxd4 17. cxd4 Qf6 18. Nc3 Nxe3 19. Ne4 Qe7 20. Qxe3 Rbc8 21. Rad1
Rfe8 22. Qa3 d5 23. Nd6 Na5 24. Nxe8 Qxa3 25. bxa3 Rxe8 26. Rc1 Bb5 27. Rfe1
Nc6 28. Red1 Bc4 29. Kf2 Ne7 30. Bf1 Bxa2 31. Rc7 Nf5 32. Bb5 Rf8 33. Bd7 Bb3
34. Bxe6+ Kh8 35. Rd3 Bc4 36. Bxf5 gxf5 37. Re3 1-0

[Event "YUG-ch"]
[Site "Yugoslavia"]
[Date "1989.??.??"]
[Round "?"]
[White "Abramovic, Bosko"]
[Black "Damljanovic, Branko"]
[Result "0-1"]
[WhiteElo "2485"]
[BlackElo "2530"]
[PlyCount "70"]
[EventDate "1989.02.??"]
[EventType "tourn"]
[EventRounds "17"]
[EventCountry "YUG"]

1. e4 c5 2. Nc3 Nc6 3. g3 g6 4. Bg2 Bg7 5. d3 e6 6. f4 Nge7 7. Nf3 d6 8. O-O
O-O 9. Be3 b6 10. d4 Ba6 11. Rf2 Qc7 12. a4 Rad8 13. Nb5 Bxb5 14. axb5 Nxd4 15.
Nxd4 cxd4 16. Bxd4 e5 17. Bc3 d5 18. exd5 exf4 19. Bxg7 fxg3 20. hxg3 Kxg7 21.
Qd4+ Kg8 22. g4 Nc8 23. c4 Nd6 24. b3 Qe7 25. b4 Rc8 26. Rc2 Nxb5 27. Qd2 Qf6
28. Rac1 Nd4 29. Qc3 Rce8 30. c5 Qf4 31. Rd2 Ne2+ 32. Rxe2 Rxe2 33. Rf1 Qxg4
34. Rf2 Rxf2 35. Kxf2 Re8 0-1

[Event "Dhaka"]
[Site "Dhaka"]
[Date "1995.??.??"]
[Round "12"]
[White "Hebden, Mark"]
[Black "Krasenkow, Michal"]
[Result "1/2-1/2"]
[WhiteElo "2550"]
[BlackElo "2575"]
[PlyCount "76"]
[EventDate "1995.??.??"]
[EventType "tourn"]
[EventRounds "13"]
[EventCountry "BAN"]
[EventCategory "9"]

1. e4 c5 2. Nc3 Nc6 3. g3 g6 4. Bg2 Bg7 5. d3 d6 6. f4 e6 7. Nf3 Nge7 8. O-O
O-O 9. Be3 b6 10. Bf2 Bb7 11. Qd2 e5 12. Rae1 Qd7 13. Be3 Nd4 14. Nh4 f6 15. f5
g5 16. Nf3 d5 17. Nxd5 Nxd5 18. exd5 Nxf5 19. Bh3 Bxd5 20. Nh4 gxh4 21. Bxf5
Qc6 22. Qe2 Be6 23. Qg4 Bxf5 24. Rxf5 hxg3 25. hxg3 Rf7 26. Re2 Kh8 27. Rh2 Bf8
28. Rfh5 Rc8 29. Qg6 Qd7 30. Rf5 Rg7 31. Qxf6 Be7 32. Qxe5 Bd6 33. Qd5 Rxg3+
34. Kf2 Rxe3 35. Rf7 Bg3+ 36. Kxe3 Re8+ 37. Kd2 Bf4+ 38. Kc3 Qxd5 1/2-1/2

[Event "Wch U16"]
[Site "Singapore"]
[Date "1990.??.??"]
[Round "?"]
[White "Gabriel, Christian"]
[Black "Miladinovic, Igor"]
[Result "0-1"]
[WhiteElo "2365"]
[BlackElo "2360"]
[PlyCount "92"]
[EventDate "1990.06.??"]
[EventType "swiss"]
[EventRounds "11"]
[EventCountry "SIN"]

1. e4 c5 2. Nc3 Nc6 3. g3 g6 4. Bg2 Bg7 5. d3 e6 6. f4 d6 7. Nf3 Nge7 8. O-O
O-O 9. Ne2 Rb8 10. c3 b5 11. Qc2 b4 12. Be3 bxc3 13. bxc3 Ba6 14. Rfd1 Qa5 15.
g4 Rfc8 16. Bf2 Qa3 17. Rab1 Bb5 18. Qb2 Qxb2 19. Rxb2 Ba4 20. Rdd2 Na5 21. e5
dxe5 22. Nxe5 Rxb2 23. Rxb2 g5 24. Bg3 gxf4 25. Bxf4 Nd5 26. Bxd5 exd5 27. Ng3
Re8 28. Nh5 Bh8 29. g5 Rxe5 30. Bxe5 Bxe5 31. Nf6+ Kg7 32. Nxd5 Bc6 33. Re2 Bd6
34. Nf6 Kg6 35. h4 h6 36. Ne4 Bxe4 37. Rxe4 hxg5 38. hxg5 Kxg5 39. Ra4 Bc7 40.
Kg2 f5 41. d4 cxd4 42. Rxd4 Bb6 43. Ra4 Nc6 44. Kf3 Ne5+ 45. Kg3 Nd3 46. Kf3 f4
0-1

[Event "Altensteig"]
[Site "Altensteig"]
[Date "1992.??.??"]
[Round "10"]
[White "Gabriel, Christian"]
[Black "Stangl, Markus"]
[Result "1-0"]
[WhiteElo "2490"]
[BlackElo "2475"]
[PlyCount "69"]
[EventDate "1992.07.??"]
[EventType "tourn"]
[EventRounds "11"]
[EventCountry "GER"]
[EventCategory "11"]

1. e4 c5 2. Nc3 Nc6 3. g3 g6 4. Bg2 Bg7 5. d3 d6 6. f4 e6 7. Nf3 Nge7 8. O-O
O-O 9. Ne2 b6 10. c3 Ba6 11. g4 f5 12. gxf5 gxf5 13. Ng3 Qd7 14. Re1 Rae8 15.
Nh5 Ng6 16. Be3 Nd8 17. Qd2 Bb7 18. Rad1 fxe4 19. dxe4 Bxe4 20. Qxd6 Qb7 21.
Qd7 Re7 22. Qxb7 Nxb7 23. Ng5 Bxg2 24. Kxg2 h6 25. Ne4 Rf5 26. Neg3 Rff7 27.
Bc1 Nh4+ 28. Kh3 Nf5 29. Nxf5 Rxf5 30. Kg4 Bf8 31. Rxe6 Rff7 32. f5 c4 33. Be3
Rc7 34. Rg6+ Kh7 35. Nf6+ 1-0

[Event "New Delhi"]
[Site "Delhi"]
[Date "1984.??.??"]
[Round "?"]
[White "Prasad, Devaki V"]
[Black "Kuzmin, Gennadi P"]
[Result "1/2-1/2"]
[WhiteElo "2340"]
[BlackElo "2505"]
[PlyCount "80"]
[EventDate "1984.??.??"]
[EventType "tourn"]
[EventRounds "11"]
[EventCountry "IND"]
[EventCategory "7"]

1. e4 c5 2. Nc3 Nc6 3. g3 g6 4. Bg2 Bg7 5. d3 d6 6. f4 e6 7. Nf3 Nge7 8. O-O
O-O 9. Ne2 Bd7 10. c3 Qb6 11. Kh1 f5 12. Rb1 Qa6 13. Be3 Rac8 14. a3 Nd8 15. e5
Nf7 16. exd6 Qxd6 17. c4 Bc6 18. b4 cxb4 19. axb4 a6 20. Qb3 Rfd8 21. Rbd1 Qd7
22. Nc3 h6 23. Bb6 Re8 24. d4 Nd6 25. d5 exd5 26. cxd5 Bb5 27. Ne5 Rxc3 28.
Qxc3 Bxf1 29. Rxf1 Ne4 30. Nxd7 Bxc3 31. Rd1 Nc8 32. Bc5 Rd8 33. Bxe4 Rxd7 34.
Bf3 Nd6 35. Rc1 Bf6 36. Bxd6 Rxd6 37. Rc8+ Bd8 38. Rb8 Rd7 39. Bd1 Kf8 40. Ba4
Rxd5 1/2-1/2

[Event "AUT-ch"]
[Site "Voitsberg"]
[Date "1995.??.??"]
[Round "1"]
[White "Stanec, Nikolaus"]
[Black "Lendwai, Reinhard"]
[Result "1/2-1/2"]
[WhiteElo "2480"]
[BlackElo "2385"]
[PlyCount "112"]
[EventDate "1995.??.??"]
[EventType "tourn"]
[EventRounds "15"]
[EventCountry "AUT"]
[EventCategory "5"]

1. e4 c5 2. Nc3 Nc6 3. g3 g6 4. Bg2 Bg7 5. d3 d6 6. f4 e6 7. Nf3 Nge7 8. O-O
O-O 9. Ne2 d5 10. e5 d4 11. Ng5 b6 12. Ne4 Ba6 13. b3 Nd5 14. g4 h6 15. Rf3 Rc8
16. Rh3 Rc7 17. g5 hxg5 18. Nxg5 Bb7 19. Ng3 Ne3 20. Bxe3 dxe3 21. N3e4 e2 22.
Qe1 Nd4 23. Rc1 Bxe4 24. Nxe4 Rd7 25. c3 Nf5 26. Qxe2 Qe7 27. Ng3 Rfd8 28. Be4
a6 29. Nh1 Bxe5 30. Bxf5 Bxf4 31. Rf1 Qg5+ 32. Bg4 f5 33. Rxf4 Qxf4 34. Qxe6+
Kg7 35. Be2 Qc1+ 36. Bf1 Qxc3 37. Qxb6 Rd6 38. Qb7+ R8d7 39. Qf3 Re6 40. Nf2
Qd4 41. Qa8 Rd8 42. Qa7+ Rd7 43. Qb8 Rd8 44. Qc7+ Qd7 45. Qxc5 Rc8 46. Qb4 Rc1
47. Qd2 Qc6 48. Nd1 f4 49. Qb2+ Rf6 50. Nf2 Qc5 51. Rh7+ Kxh7 52. Qxf6 Qe3 53.
Qf7+ Kh6 54. Qf8+ Kh7 55. Qf7+ Kh6 56. Qf8+ Kh7 1/2-1/2

[Event "BCF-ch"]
[Site "Swansea"]
[Date "1987.??.??"]
[Round "?"]
[White "Hennigan, Michael"]
[Black "Muir, Andrew J"]
[Result "1-0"]
[WhiteElo "2320"]
[BlackElo "2285"]
[PlyCount "97"]
[EventDate "1987.08.??"]
[EventType "swiss"]
[EventRounds "11"]
[EventCountry "ENG"]

1. e4 c5 2. Nc3 Nc6 3. g3 g6 4. Bg2 Bg7 5. d3 d6 6. f4 e6 7. Nf3 Nge7 8. O-O
O-O 9. g4 f5 10. gxf5 gxf5 11. Ne2 Rb8 12. Ng3 b6 13. Kh1 Bb7 14. c3 Qd7 15.
Qc2 Ng6 16. exf5 exf5 17. Bd2 Rbe8 18. Rae1 Re7 19. Nh5 Rfe8 20. Rxe7 Rxe7 21.
Re1 Rxe1+ 22. Bxe1 Qe6 23. Qb3 Qxb3 24. axb3 Bh6 25. Nh4 Nxf4 26. Nxf5 Bg5 27.
Nxf4 Bxf4 28. Bg3 Bxg3 29. hxg3 Na5 30. Nxd6 Bxg2+ 31. Kxg2 Nxb3 32. Kf3 h5 33.
Nc8 Nc1 34. Ke3 Kf7 35. Nxa7 Ke6 36. Nc8 Kf5 37. Nxb6 Kg4 38. Nd7 Kxg3 39. Nxc5
h4 40. Ne4+ Kg2 41. Ng5 Nb3 42. d4 h3 43. Nxh3 Kxh3 44. Kf4 Kh4 45. d5 Kh5 46.
Kf5 Kh6 47. d6 Nc5 48. b4 Nd7 49. Ke6 1-0

[Event "Cannes op"]
[Site "Cannes"]
[Date "1994.??.??"]
[Round "6"]
[White "Haik, Aldo"]
[Black "Mednis, Edmar John"]
[Result "1-0"]
[WhiteElo "2410"]
[BlackElo "2435"]
[PlyCount "117"]
[EventDate "1994.02.??"]
[EventType "swiss"]
[EventRounds "9"]
[EventCountry "FRA"]

1. e4 c5 2. Nc3 Nc6 3. f4 g6 4. g3 Bg7 5. Bg2 d6 6. d3 e6 7. Nh3 Nge7 8. Nf2
Rb8 9. g4 h5 10. g5 Nd4 11. O-O b5 12. Ne2 b4 13. a3 a5 14. axb4 axb4 15. Nxd4
Bxd4 16. Qe1 O-O 17. c3 Bg7 18. Be3 Qb6 19. e5 bxc3 20. bxc3 d5 21. Rb1 Qxb1
22. Qxb1 Rxb1 23. Rxb1 d4 24. cxd4 Nf5 25. Bd2 Nxd4 26. Ne4 Bd7 27. Nxc5 Bc6
28. Ne4 Rd8 29. Rb6 Bxe4 30. Bxe4 Bf8 31. Kf1 Rc8 32. Be3 Nc2 33. Bf2 Nb4 34.
d4 Rd8 35. Ke2 Nd5 36. Bxd5 Rxd5 37. Kd3 Ra5 38. Be1 Rd5 39. Rb8 Kg7 40. Kc4
Be7 41. Rb7 Bf8 42. Ra7 Rd8 43. Ba5 Rb8 44. Bc7 Rb4+ 45. Kc3 Rb5 46. Bd8 Rb8
47. Ba5 Kg8 48. Bc7 Rb5 49. Ra8 Kg7 50. Bd8 Rb7 51. Bf6+ Kg8 52. d5 exd5 53.
Kd4 h4 54. Kxd5 h3 55. Kc6 Rb2 56. Be7 Rxh2 57. Rxf8+ Kg7 58. Ra8 Rc2+ 59. Kd5
1-0

[Event "BL2-O 9192"]
[Site "Germany"]
[Date "1992.??.??"]
[Round "?"]
[White "Baum, Bernd"]
[Black "Howell, James C"]
[Result "1-0"]
[WhiteElo "2340"]
[BlackElo "2465"]
[PlyCount "111"]
[EventDate "1991.10.??"]
[EventType "team"]
[EventRounds "9"]
[EventCountry "GER"]

1. e4 c5 2. Nc3 Nc6 3. g3 g6 4. Bg2 Bg7 5. d3 d6 6. Nh3 e5 7. f4 Nge7 8. O-O
O-O 9. f5 f6 10. g4 Nd4 11. Be3 g5 12. Nd5 h6 13. Kh1 Rf7 14. Ng1 Bf8 15. c3
Nxd5 16. exd5 Nb5 17. Ne2 Nc7 18. Ng3 Bd7 19. Be4 Be8 20. Kg2 Rh7 21. Rh1 h5
22. gxh5 Bh6 23. Qd2 Bf7 24. c4 Qf8 25. Bf3 g4 26. Bxg4 Bxe3 27. Qxe3 b5 28.
Kf2 Rb8 29. b3 Be8 30. Rag1 Kh8 31. Rg2 a5 32. Rhg1 a4 33. Bd1 Bd7 34. Ne4 axb3
35. axb3 Ne8 36. h6 bxc4 37. dxc4 Bxf5 38. Qg3 Rxh6 39. Qg8+ Qxg8 40. Rxg8+ Kh7
41. Nxd6 Rxh2+ 42. Ke1 Nxd6 43. Rxb8 Rb2 44. Rf8 Ne4 45. d6 Rd2 46. Rf7+ Kh6
47. Rxf6+ Nxf6 48. Kxd2 Ne4+ 49. Kc1 Nxd6 50. Bc2 Bxc2 51. Kxc2 e4 52. Rg8 e3
53. Kd3 Nf5 54. Rc8 Nd4 55. Kxe3 Nxb3 56. Rg8 1-0

[Event "Portoroz op"]
[Site "Portoroz"]
[Date "1995.??.??"]
[Round "?"]
[White "Sale, Srdjan"]
[Black "Psakhis, Lev"]
[Result "1-0"]
[WhiteElo "2390"]
[BlackElo "2625"]
[PlyCount "89"]
[EventDate "1995.04.??"]
[EventType "swiss"]
[EventRounds "9"]
[EventCountry "SLO"]

1. e4 c5 2. Nc3 d6 3. g3 Nc6 4. Bg2 g6 5. d3 Bg7 6. f4 e5 7. Nh3 Nge7 8. O-O
Nd4 9. f5 gxf5 10. Qh5 h6 11. Rf2 Be6 12. Be3 Qd7 13. Raf1 O-O-O 14. Bxd4 cxd4
15. exf5 Nxf5 16. Nd5 Ne3 17. Rxf7 Nxd5 18. Rxd7 Rxd7 19. Qg6 Nc7 20. Nf2 Re7
21. Bh3 d5 22. Bxe6+ Nxe6 23. Ng4 Nd8 24. b4 Rhe8 25. b5 e4 26. Qf5+ Kb8 27.
Qxd5 e3 28. Nxh6 Bxh6 29. Qd6+ Ka8 30. Qxh6 Nf7 31. Qh5 e2 32. Re1 Nd6 33. Qd5
Nf7 34. Kg2 Re6 35. a4 Nh6 36. h3 Re5 37. Qxd4 Nf5 38. Qc3 Ne3+ 39. Kg1 Nf5 40.
Kh2 R5e6 41. a5 Ne3 42. g4 Kb8 43. Kg1 Nf1 44. Qd4 Rf8 45. Rxe2 1-0